000 00284nam a22001337a 4500
008 170127b xxu||||| |||| 00| 0 eng d
020 _a9780954896508
041 _aeng
080 _a61
100 _a3
101 _aSHM
245 _aCLINICAL EVIDENCE
_cMCGUIRE,W.W
942 _2udc
_cBK
999 _c3896
_d3896